1105 1842 1161 1677 1375 1702 1812 1235 1786 1130 1764 1756 1559 1061 1828 1818 1005 1898 1067 1445 1793 1409 1186 1962 1906 1631 1224 1525 1517 1786 1043 1277 1261 1215 1750 1773 1807 1147 1827 1965 1202 1401 1982 1208 1514 1844 1597 1607 1296 1188 1483 1589 1143 1282 1847 1702 1842 1474 1030 1321 1677 1101 1286 1131 1531 1629 1280 1303 1955 1393 1832 1850 1198 1497 1006 1773 1984 1957 1582 1851 1408 1126 1698 1111 1014 1454 1600 1520 1628 1027 1835 1317 1674 1087 1362 1368 1418 1458 1924 BCNSPRNW ULIB Ver.6.0+V

เปลี่ยนเป็นภาษาไทย

Change to English
 แสดงรายละเอียดบรรณานุกรม
  กลับหน้าหลัก

Brief Record : Get Marc (ISO 2709) : E-mail record : QR code < ปิดหน้าต่าง
LEADER : 00000nam 2200000uu 4500
001    13399128158
003     ULIB
008    220727s2563||||th 000 0 tha d
020 ^- ^a9786163884732
050 04 ^aนว^bว321ห
100 ^- ^aวราภา
245 ^- ^aเหมราช/^cวราภา
250    ^aพิมพ์ครั้งที่ 4
260 ^- ^aกรุงเทพฯ :^bแสงดาว,^c2563
300 ^- ^a616 หน้า ;^c21 ซม.
650 ^4 ^aนวนิยายไทย
945    ^p600^l0^i009252
999    ^aประนอม เกษจรัล
รายการนี้ยังไม่มีแท็ก
คุณยังไม่ได้ล็อกอิน คุณสามารถมีกิจกรรมร่วมกับเว็บไซต์ได้ แต่ต้องล็อกอินก่อน ::
  ล็อกอิน

รายการสื่อสารสนเทศ

ลำดับที่ ประเภท เลขเรียก/บาร์โค้ด สถานที่ สถานะ
1. นวนิยาย
นวนิยาย
นว ว321ห ฉ.1 
  Barcode: 009252
ห้องสมุดวิทยาเขตสวรรค์ประชารักษ์
►นวนิยาย
บนชั้น
  ขอยืม

รายการใกล้เคียง
    ผู้แต่ง [วราภา]

    หัวเรื่อง [นวนิยายไทย]

BibComment


ยังไม่เคยถูกคอมเมนท์

คอมเมนท์ทรัพยากรรายการนี้
  คอมเมนท์: เหมราช วราภา


 Copyright 2026. Bcnsprnw @Library